[Event "GER-ch U10 Girls"]
[Site "Willingen"]
[Date "2017.06.07"]
[Round "7"]
[White "Heuberger, Sandra"]
[Black "Truong, Bao Ngoc"]
[Result "1-0"]
[WhiteElo "902"]
[BlackElo "749"]
[PlyCount "99"]
[EventDate "2017.06.04"]
[EventType "swiss"]
[EventRounds "11"]
[EventCountry "GER"]
[SourceTitle "CBM 178 Extra"]
[Source "ChessBase"]
[SourceDate "2017.06.22"]
[SourceVersion "1"]
[SourceVersionDate "2017.06.22"]
[SourceQuality "1"]

1. e4 e6 2. d4 d5 3. exd5 exd5 4. Nf3 Bg4 5. Be2 Nf6 6. 0-0 g6 7. Nc3 Bg7 8. Bg5 0-0 9. Qd3 h6 10. Bh4 Nc6 11. Qe3 Bxf3 12. Bxf3 Re8 13. Qd3 g5 14. Bg3 Nb4 15. Qd2 Ne4 16. Nxe4 dxe4 17. Bg4 Nc6 18. d5 Ne5 19. Bh5 c6 20. Rad1 cxd5 21. Qxd5 Qxd5 22. Rxd5 f6 23. Bxe8 Rxe8 24. h3 Rc8 25. c3 a6 26. Rfd1 Nc6 27. Re1 Ne7 28. Rd2 Nf5 29. Bh2 Bf8 30. Rxe4 Bc5 31. Kh1 Bxf2 32. Rxf2 Rc5 33. Rd2 Kg7 34. Rd7+ Kg6 35. b4 Rc6 36. Re8 Rxc3 37. Rg8+ Kh5 38. g4+ Kh4 39. gxf5 Rxh3 40. Rd4+ Kh5 41. Kg1 Rf3 42. Kg2 Rxf5 43. Rd3 g4 44. Kg3 b5 45. Rd7 Re5 46. Rxg4 Re3+ 47. Kf4 Re2 48. a3 Rxh2 49. Rd5+ f5 50. Rxf5# 1-0